Vojenské udalosti v Lučenci na prelome rokov 1918/1919 a neskôr v politickej reflexii Ľudovíta Bazovského

Bibliographic Details
Main Author: Vrábel, Ferdinand, 1948- (Author)
Format: Article
Language:Slovak
PhysicalDescription:Fotogr.
ISSN:1335-3314
Subjects:

MARC

LEADER 00000nab a2200000 a 4500
001 vtls010102831
003 SK-MaSNL
005 20260304181832.0
008 250507c2010 xo ||||||||||||00 b|slo
015 |a SNBRB2010/06  |2 snkbucl 
035 |a urn:nbn:sk:snk-ab8diw 
035 |a (urnnbn)urn:nbn:sk:snk:ar-a085xv 
035 |a (uuid)77e6f884-ebdf-4164-8e92-7fe806669a68 
038 |a SNKBUCL 
040 |a SNKBUCL  |b slo  |c SNKBUCL  |e AACR2 
041 0 |a slo  |b eng  |b ger 
044 |a xo  |c SK 
080 |a 94(437.6):355  |x "1918/1919"  |2 2001 
080 |a 94(437.6)-051  |x "19"  |2 2001 
080 |a 32-051  |2 2001 
080 |a 929 Bazovský, Ľudovít  |2 2001 
100 1 |a Vrábel, Ferdinand,  |d 1948-  |4 aut  |9 49484 
245 1 0 |a Vojenské udalosti v Lučenci na prelome rokov 1918/1919 a neskôr v politickej reflexii Ľudovíta Bazovského  |c Ferdinand Vrábel 
300 |b Fotogr. 
504 |a Lit. v pozn. pod čiarou 
546 |a Res. angl., nem. 
600 1 7 |a Bazovský, Ľudovít,  |d 1872-1958  |2 snkbucl  |9 242683 
648 7 |a 1918-1919  |2 snkbucl  |9 280894 
650 0 7 |a vojenské dejiny  |2 snkbucl  |9 70411 
651 7 |a Lučenec (Slovensko)  |2 snkbucl  |9 29545 
773 0 |t Vojenská história  |g Roč. 14, č. 1 (2010), s. 33-51  |x 1335-3314 
850 |a Slovenská národná knižnica 
852 |a Slovenská národná knižnica 
954 |a odborná, vedecká literatúra pôvodná (slovenská)  |2 lita 
958 |a article9 
958 |a OND 
958 |a NB 
958 |a SK 
958 |a BX 
958 |a EUIPO 
999 |c 3026413  |d 3028343